Principles of Agricultural Engineering Vol.1 (Record no. 19015)
[ view plain ]
| 000 -LEADER | |
|---|---|
| fixed length control field | 00390nam a22001577a 4500 |
| 003 - CONTROL NUMBER IDENTIFIER | |
| control field | OSt |
| 008 - FIXED-LENGTH DATA ELEMENTS--GENERAL INFORMATION | |
| fixed length control field | 250113b |||||||| |||| 00| 0 eng d |
| 041 ## - LANGUAGE CODE | |
| Language code of text/sound track or separate title | eng |
| 082 ## - DEWEY DECIMAL CLASSIFICATION NUMBER | |
| Classification number | 631.1 |
| Item number | MIC/PR |
| 100 ## - MAIN ENTRY--AUTHOR NAME | |
| Personal name | Michael, AM |
| 245 ## - TITLE STATEMENT | |
| Title | Principles of Agricultural Engineering Vol.1 |
| 250 ## - EDITION STATEMENT | |
| Edition statement | 2nd |
| 260 ## - PUBLICATION, DISTRIBUTION, ETC. (IMPRINT) | |
| Place of publication | New Delhi: |
| Name of publisher | Jain Brothers, |
| Year of publication | 1985. |
| 700 ## - ADDED ENTRY--PERSONAL NAME | |
| Personal name | Ojha, TP |
| 942 ## - ADDED ENTRY ELEMENTS (KOHA) | |
| Koha item type | Books |
| Withdrawn status | Lost status | Damaged status | Home library | Current library | Date acquired | Source of acquisition | Cost, normal purchase price | Full call number | Accession Number | Koha item type |
|---|---|---|---|---|---|---|---|---|---|---|
| Withdrawn | KAUAET | KAUAET | 13/01/2025 | Standard Book House, Thrissur. | 40.00 | 631.1 MIC/PR | 14997 | Books | ||
| Withdrawn | KAUAET | KAUAET | 13/01/2025 | Standard Book House, Thrissur. | 40.00 | 631.1 MIC/PR | 15002 | Books |
